Представление документа в формате RUSMARC

ПолеНазваниеЗначение
  Тип записи a
  Библиографический уровень a
001 Контрольный номер RU/CBS_UL/BASE/d9835001d2ae4b109709805878aca59b
005 Дата корректировки 20260220131220.7
100 Данные общей обработки __
a Данные общей обработки 20260220 ||| 0rusy0189 ca
101 Язык документа 0_
a Язык текста rus
102 Страна публикации __
a Страна публикации RU
200 Заглавие и сведения об ответственности 1_
a Заглавие "Писал и служил, служил и писал"
e Сведения, относящиеся к заглавию [русский писатель-сатирик М. Е. Салтыков-Щедрин]
f Первые сведения об ответственности А. Воловик
461 Уровень набора _0
1 2000
a Честь Отечества
463 Уровень физической единицы _0
1 2000
a № 1-2
v С. 40-42 : ил
1 2101
d 2026
1 001RU/CBS_UL/BASE/84d1925e5ac146458e290c11b6276ba6
600 Персоналии _1
a Персоналии (Фамилия) Салтыков-Щедрин
b Персоналии (Имя, инициалы) М. Е.
606 Тематические рубрики 0_
a Основная рубрика Салтыков-Щедрин, Михаил Евграфович (1826-1889)
610 Ключевые слова 0_
a Ключевые слова писатели
610 Ключевые слова 0_
a Ключевые слова русские писатели
610 Ключевые слова 0_
a Ключевые слова писатели русские
610 Ключевые слова 0_
a Ключевые слова писатели-сатирики
610 Ключевые слова 0_
a Ключевые слова русские писатели-сатирики
610 Ключевые слова 0_
a Ключевые слова писатели-сатирики русские
610 Ключевые слова 0_
a Ключевые слова чиновники
610 Ключевые слова 0_
a Ключевые слова русские чиновники
610 Ключевые слова 0_
a Ключевые слова чиновники русские
610 Ключевые слова 0_
a Ключевые слова вице-губернаторы
686 Индексы других классификаций __
2 Код системы rubbk
a Классификационный индекс 83.3(2Рос=Рус)1
700 Автор _1
a Фамилия Воловик
b Имя (инициалы) А.
801 Источник записи _0
a Страна RU
b Организация МБУК ЦБС г. Ульяновска
c Дата составления 20260220
g Правила каталогизации RCR
801 Источник записи _1
a Страна RU
b Организация МБУК ЦБС г. Ульяновска
c Дата составления 20260220
g Правила каталогизации RCR
901 Тип документа __
t Тип документа b
w Контрольный № источника RU/CBS_UL/BASE/84d1925e5ac146458e290c11b6276ba6
909 Создатель записи __
a Создатель записи lib2